1839 1089 1780 1982 1601 1426 1892 1347 1228 1151 1963 1841 1531 1162 1315 1461 1688 1206 1249 1659 1994 1988 1105 1021 1906 1990 1712 1072 1743 1228 1253 1210 1241 1409 1605 1340 1151 1484 1662 1592 1678 1435 1412 1632 1743 1212 1550 1937 1840 1281 1413 1041 1949 1822 1030 1177 1996 1097 1120 1562 1590 1859 1196 1933 1141 1480 1835 1118 1047 1394 1354 1787 1184 1756 1614 1167 1091 1345 1823 1324 1491 1518 1326 1109 1578 1451 1075 1281 1122 1564 1355 1940 1758 1735 1562 1544 1864 1379 1700 BCNSPRNW ULIB Ver.6.0+V

เปลี่ยนเป็นภาษาไทย

Change to English
 แสดงรายละเอียดบรรณานุกรม
  กลับหน้าหลัก

Brief Record : Get Marc (ISO 2709) : E-mail record : QR code < ปิดหน้าต่าง
LEADER : 00000nam 2200000uu 4500
001    13399122303
003     ULIB
008    130206s2555||||th 000 0 tha d
020    ^a9789746727082
060 04 ^aWY156^bน411ก
100 0  ^aนัทธมน วุทธานนท์
245 10 ^aการพยาบาลผู้ป่วยมะเร็งกระเพาะปัสสาวะ /^cนัทธมน วุทธานนท์
250    ^aพิมพ์ครั้งที่ 1
260    ^aเชียงใหม่ :^bคณะพยาบาลศาสตร์ มหาวิทยาลัยเชียงใหม่,^c2555
300    ^aก-ช, 152 หน้า :^bภาพประกอบ ;^c25 ซม.
504    ^aมีบรรณานุกรมและดัชนี
650  4 ^aกระเพาะปัสสาวะ, เนื้องอก
650  4 ^aมะเร็ง^xการพยาบาล
650  4 ^aมะเร็ง^xการรักษาด้วยยา
650  4 ^aมะเร็ง^xการรักษาด้วยรังสี
710 2  ^aมหาวิทยาลัยเชียงใหม่. ^bคณะพยาบาลศาสตร์
945    ^p180^l0^i19845
945    ^p180^l0^i19846
945    ^p180^l0^i19847
945    ^p180^l0^i19848
945    ^p180^l0^i19849
945    ^p180^l0^i22541
945    ^p180^l0^i22542
945    ^p180^l0^i22543
995    ^aทศพร
999    ^aทศพร เกษรทอง
รายการนี้ยังไม่มีแท็ก
คุณยังไม่ได้ล็อกอิน คุณสามารถมีกิจกรรมร่วมกับเว็บไซต์ได้ แต่ต้องล็อกอินก่อน ::
  ล็อกอิน

รายการสื่อสารสนเทศ

ลำดับที่ ประเภท เลขเรียก/บาร์โค้ด สถานที่ สถานะ
1. Book การพยาบาล
Book การพยาบาล
สถานะ=หนังสือเก่า
WY156 น411ก ฉ.1 
  Barcode: 19845
ห้องสมุดวิทยาเขตนครสวรรค์
►ส่วนจัดเก็บหนังสือเก่า นว.
บนชั้น
  ขอยืม
2. Book การพยาบาล
Book การพยาบาล
สถานะ=หนังสือเก่า
WY156 น411ก ฉ.2 
  Barcode: 19846
ห้องสมุดวิทยาเขตนครสวรรค์
►ส่วนจัดเก็บหนังสือเก่า นว.
บนชั้น
  ขอยืม
3. Book การพยาบาล
Book การพยาบาล
สถานะ=หนังสือเก่า
WY156 น411ก ฉ.3 
  Barcode: 19847
ห้องสมุดวิทยาเขตนครสวรรค์
►ส่วนจัดเก็บหนังสือเก่า นว.
บนชั้น
  ขอยืม
4. Book การพยาบาล
Book การพยาบาล
สถานะ=หนังสือเก่า
WY156 น411ก ฉ.4 
  Barcode: 19848
ห้องสมุดวิทยาเขตนครสวรรค์
►ส่วนจัดเก็บหนังสือเก่า นว.
บนชั้น
  ขอยืม
5. Book การพยาบาล
Book การพยาบาล
สถานะ=หนังสือเก่า
WY156 น411ก ฉ.5 
  Barcode: 19849
ห้องสมุดวิทยาเขตนครสวรรค์
►ส่วนจัดเก็บหนังสือเก่า นว.
บนชั้น
  ขอยืม
6. Book การพยาบาล
Book การพยาบาล
สถานะ=หนังสือเก่า
WY156 น411ก ฉ.6 
  Barcode: 22541
ห้องสมุดวิทยาเขตนครสวรรค์
►ส่วนจัดเก็บหนังสือเก่า นว.
บนชั้น
  ขอยืม
7. Book การพยาบาล
Book การพยาบาล
สถานะ=หนังสือเก่า
WY156 น411ก ฉ.7 
  Barcode: 22542
ห้องสมุดวิทยาเขตนครสวรรค์
►ส่วนจัดเก็บหนังสือเก่า นว.
บนชั้น
  ขอยืม
8. Book การพยาบาล
Book การพยาบาล
สถานะ=หนังสือเก่า
WY156 น411ก ฉ.8 
  Barcode: 22543
ห้องสมุดวิทยาเขตนครสวรรค์
►ส่วนจัดเก็บหนังสือเก่า นว.
บนชั้น
  ขอยืม

รายการใกล้เคียง
    ผู้แต่ง [นัทธมน วุทธานนท์]

    หัวเรื่อง [กระเพาะปัสสาวะ, เนื้องอก]

BibComment


ยังไม่เคยถูกคอมเมนท์

คอมเมนท์ทรัพยากรรายการนี้
  คอมเมนท์: การพยาบาลผู้ป่วย..


 Copyright 2026. Bcnsprnw @Library